Quizzes
Events
Quiz Creation
Community
Videos
Private Events
Remove Ads
Sign In
Join for FREE
Feedback
Dark Mode
Quiz Categories
Sports
Geography
Music
Movies
Television
Just For Fun
Miscellaneous
History
Literature
Language
Science
Gaming
Entertainment
Religion
Holiday
For Kids
Quiz Lab
Recent
Popular Today
Quiz Kudos Today
Editor Picks
Curator Picks
Quizzes by...
Day
Popularity
Type
Ratings
Length
Year
Community
Subscriptions
Recent Discussions
Orange Saloon
Badges
Playlists
Quests
Create
Leaderboards
Showdown
Live 5
Trivia Bingo
Activity
Puzzle Library
Sporcle Events
Private Events
Virtual Trivia
Globe League
Become a Host
Pub Owners
SporcleCon
Opinionation
Our Games
Videos
Blog
Mobile Apps
Partnerships
Remove Ads and Go Orange
Feedback
Geography
Country
Landmarks
City
State
Population
World
Capital
Continent
Flags
Europe
Africa
Asia
South America
North America
Oceania
Border
Canada
United Kingdom
Topography
United States
Geography
Country
Landmarks
City
State
Population
World
Capital
Continent
Flags
Europe
Africa
Asia
South America
North America
Oceania
Border
Canada
United Kingdom
Topography
United States
Random Quiz
Search Sporcle
×
Quiz Lab
Quiz Lab
Geography
Grab Bag
Type in answers that appear in a list
Type in answers that appear in a list
Classic
Best Score? Go Orange.
Geography Family Feud Stats
Can you name the most popular responses to the follow?
By
alidee
4m
42 Questions
9,930 Plays
9,930 Plays
9,930 Plays
Comments
Comments
Give Quiz Kudos
Give Quiz Kudos
-
- Ratings
hide this ad
Replay
Link that replays current quiz
Next Quiz
Link to next quiz in quiz playlist
You Got
0%
They Got
Avg Score
31%
Avg Friend Score
Upgrade to see
Score Distribution
Jump to the score distribution portion of the page
Score
0/42
Timer
04:00
0
Plays Today
Question asked...
...most popular responses
% Correct
Name an animal synonymous with Australia
Kangaroo
87.9%
Name an African country
South Africa
77.3%
Name a world capital beginning with the letter W
Washington DC
76.1%
Name a country beginning with the letter G
Germany
74.4%
Name an African country
Egypt
73%
Name an animal synonymous with Australia
Koala
70.5%
Name one of the world's major mountain ranges
Rocky Mountains
62%
Name a world capital beginning with the letter W
Warsaw
58.5%
Name a country beginning with the letter G
Ghana
58.2%
Name one of the world's major mountain ranges
Alps
55.7%
Name one of the world's major mountain ranges
Himalayas
54.6%
Name one of the world's major mountain ranges
Andes
53%
Name a country beginning with the letter G
Greece
48.7%
Name an African country
Morocco
43.3%
Name an African country
Ethiopia
40.4%
Name a food you associate with Spain
Paella
38.6%
Name an African country
Libya
35.4%
Name an English county
Greater London
34.9%
Name an animal synonymous with Australia
Dingo
29.9%
Name an animal synonymous with Australia
Wallaby
26.6%
Name an African country
Madagascar
26.3%
Question asked...
...most popular responses
% Correct
Name a country beginning with the letter G
(The) Gambia
25.4%
Name an English county
Essex
22.3%
Name a food you associate with Spain
Tapas
22%
Name a world capital beginning with the letter W
Wellington
20.7%
Name an English county
Yorkshire
16.8%
Name an animal synonymous with Australia
Platypus
16.4%
Name an overseas French territory
French Guiana
15.6%
Name an English county
Kent
13.7%
Name a food you associate with Spain
Tortilla or Omelette
11%
Name an English county
Hampshire
7.3%
Name a food you associate with Spain
Chorizo
5.8%
Name an overseas French territory
Polynesia
5.1%
Name an overseas French territory
New Caledonia
4.8%
Name an African country
Republic of Congo
4.6%
Name an animal synonymous with Australia
Echidna
4.3%
Name an overseas French territory
Saint Martin
3.8%
Name a food you associate with Spain
Gazpacho
3.5%
Name an English county
Leicestershire
2%
Name one of the world's major mountain ranges
Great Dividing Range
0.9%
Name an overseas French territory
Saint Barthelemy
0.8%
Name a food you associate with Spain
Turros
0.7%
Quiz Playlist
Details
Report
Send in Message
Add To Playlist
Classic:
Type in answers that appear in a list
Last Updated: May 24, 2017
Quiz Scoreboard
CHALLENGE
Sign Up to Join the Scoreboard
Show All
Scores
Hide
Comments
May contain spoilers
Recently Published
TV Characters by Other Roles V
by ghcgh
Television
5m
Decade Duel: World Leaders
by jenniferyan
History
4m
Alphabetical 'K' Countries by Flag Minefield
by ylime102
Geography
3m
More to Explore
Quiz From the Vault
Featured Blog Post
15 Basketball Trivia Facts You Can Be March Mad About
hide this ad
You Might Also Like...
Tags
Grab Bag Quiz
Popular Quiz
Asked
Family
Follow
point
response
Today's Top Quizzes in Geography
Browse Geography
hide this ad
Today's Top Quizzes in Grab Bag
Browse Grab Bag
Top Contributed Quizzes in Geography
1
Countries of the World - No Outlines Minefield
2
Least Populated Answer: 'G' Countries
3
Pick 6: Mountains
4
'A' Capitals Crossword
5
Countries of the World: 1800
6
Alphabetical 'L' Countries By Flag Minefield
7
Lietuvos savivaldybės (Lithuanian Municipalities)
8
Pick 6: National Parks
9
Pick 6: US States
10
Alphabetical 'M' Countries By Flag Minefield
Explore More
Trending Topics
Anime
Marvel
Harry Potter
Crossword
Kpop
NBA
Disney
The Office
Soccer
Country
Puzzle
Song
Pokémon
NFL
WWE
hide this ad
More By:
alidee
Quiz
Plays
Rating
Category
Featured
Created
Mixed Word: Mystery Country II
61,641
4.37
Just For Fun
Oct 7, 2009
Mixed Word: Mystery Country
60,333
4.35
Just For Fun
Oct 6, 2009
Around the world in 60 seconds *HARD*
10,792
1.81
Geography
Aug 10, 2010
Geography Family Feud
9,930
2.00
Geography
Mar 18, 2010
Family Feud
9,495
2.85
Miscellaneous
Dec 1, 2009
Go to Creator's Profile
Score Distribution
Quiz Creator Spotlight
alidee
Follow
Send a Message
Quizzes Created
-
Created Quiz Play Count
-
More By This Creator
Popular Quizzes Today
1
Countries of Asia Without Outlines Minefield
2
Find the US States - No Outlines Minefield
3
Pick 6: Fruits
4
The Countries of the World
5
Alphabetical 'K' Countries by Flag Minefield
6
Find the Countries of Europe - No Outlines Minefield
7
US States
8
Find the US States
More Geography Quizzes
African Countries in Alphabetical Order
Published
Trending Quizzes
Pick 6: Mountains
Pick 6: Harry Potter
Pick 6: Flags
Pick 6: NFL Teams
Pick 6: Movie Franchises
Recently Updated
Adaptations: Name the Title
pecheneg
NWSL Teams
pecheneg
Women's Final Four Teams by Year
bhenderson79
Presidents Quartet II
eogle
Anything But Clue(do)
eogle
Anything But Oceanian Capitals
eogle
Anything But 7
eogle
Anything But Thing
eogle
Word Ladder: February 29
pecheneg
Song Title Questions
pecheneg
Trending Topics
NBA
Marvel
Anime
Disney
Harry Potter
Crossword
Kpop
Puzzle
Pokémon
The Office
Country
NFL
WWE
Song
Soccer
Your Account Isn't Verified!
In order to create a playlist on Sporcle, you need to verify the email address you used during registration. Go to your
Sporcle Settings
to finish the process.
Report this User
Report this user for behavior that violates our
Community Guidelines
.
Details:
Send Report
Go to the Sporcle.com Mobile Site →
Comments